000 00516nam a2200169 i 4500
001 29411
003 ES-MaACL
005 20230907183804.0
007 t|
008 030121s1912 sp ||||1| spa d
100 1 _aBarja, César,
_d1890-1951
_925661
245 1 3 _aLa adoración de los Reyes
_b: Hugo van der Sues : (Cuestión jurídica) /
_cpor César Barja Carral.
260 _aMadrid :
_b[s.n.,
_c1912] (
_fJuan Pueyo)
300 _a68 p. ;
_c23 cm.
852 _aES-MaACL
_jT-1432-F-9
999 _c29411
_d29411